Statistiques concernant Petit bac #19 Villes de Wallonie

Cliquez ici pour prendre le quiz!

Statistiques générales

  • Ce quiz a été pris 223 fois
  • Le résultat moyen est 10 sur 19

Statistiques - réponses

LettreVilles% Correct
LLessines, Leuze-en-Hainaut, Liège, Limbourg, La Louvière, La Roche-en-Ardenne, Le Roeulx
93%
CCharleroi, Châtelet, Chièvres, Chimay, Chiny, Ciney, Comines-Warneton, Couvin
91%
NNamur, Neufchâteau, Nivelles
85%
MMalmedy, Marche-en-Famenne, Mons, Mouscron
82%
AAndenne, Antoing, Arlon, Ath
76%
TThuin, Tournai, Tubize
67%
BBastogne, Beaumont, Beauraing, Binche, Bouillon, Braine-le-comte
62%
WWalcourt, Waremme, Wavre
57%
VVerviers, Virton, Visé
54%
DDinant, Durbuy
51%
SSaint-Ghislain, Saint-Hubert, Saint-Vith, Seraing, Soignies, Stavelot
50%
HHannut, Herstal, Herve, Houffalize, Huy
47%
EEnghien, Eupen
34%
OOttignies-Louvain-La-Neuve
34%
GGembloux, Genappe
33%
PPéruwelz, Philippeville
26%
FFleurus, Florenville, Fontaine-l'Evêque, Fosses-la-ville
24%
JJodoigne
21%
RRochefort
18%

Distribution des résultats

Percentile par nombre de réponses

% des personnes avec chaque résultat

Votre développement - résultats

Vous n’avez pas pris ce quiz